| 000 | 00000nam##2200000za#4500 |
| 001 | 9.648731 |
| 003 | CaOODSP |
| 005 | 20210615113255 |
| 007 | ta |
| 008 | 150407|2003||||xxc||||| f|0| 0 eng|d |
| 020 | |a0-660-18985-2|z0-662-33339-X |
| 040 | |aCaOODSP|beng |
| 043 | |an-cn--- |
| 086 | 1 |aA22-233/2003-5E |
| 110 | 1 |aCanada. |bAgriculture and Agri-Food Canada. |
| 245 | 10|aHardiness and growth of woody ornamental plants. Volume V : |bREPLOQ results and recommendations / |cby Claude Richer and Jacques-André Rioux. |
| 260 | |aQuébec - Quebec : |bAgriculture and Agri-Food Canada |c2003. |
| 300 | |axxii, 496, [14]p. : |bgraphs, illus. (some coloured), maps (some coloured), references, tables ; |c28 cm. |
| 504 | |aBibliography. |
| 563 | |aSoftcover |
| 590 | |a03-15|b2003-04-11 |
| 690 | 07|aOrnamental plants|2gcpds |
| 720 | 1 |aRicher, Claude |
| 720 | 1 |aRioux, Jacques-André |
| 775 | 08|tRusticité et croissance de plantes ligneuses ornementales. Tome V : |w(CaOODSP)9.681992 |
| 776 | 0#|tHardiness and growth of woody ornamental plants. Volume V : |w(CaOODSP)9.699636 |